Rationality and Logic

Salvato in:
Dettagli Bibliografici
Autore principale: Hanna, Robert (Autore)
Natura: Libro
Lingua:inglese
Pubblicazione: CambridgeCambridge : The MIT Press, 2006
Soggetti:
Tags: Aggiungi Tag
Nessun Tag, puoi essere il primo ad aggiungerne!!

MARC

LEADER 00000nam a22000003a 4500
001 stu158357
005 20190206134350.5
008 080220s2006----uk------------------eng-d
020 |a 0-262-08349-3 
040 |a STU  |b slo 
041 0 |a eng 
044 |a uk 
100 1 |a Hanna, Robert  |4 aut 
245 1 |a Rationality and Logic 
260 |a CambridgeCambridge :  |b The MIT Press,  |c 2006 
300 |a 316 s 
650 7 |a kognitívna veda  |2 stusub 
650 7 |a logika  |2 stusub 
996 |c I*8M5925  |l I  |s A  |a 24  |w stu158357_0001